हिंदी गद्य साहित्य में प्रकृति चित्रण / (Record no. 119517)

MARC details
000 -LEADER
fixed length control field 01134nam a22002657a 4500
005 - DATE AND TIME OF LATEST TRANSACTION
control field 20170124103139.0
010 ## - LIBRARY OF CONGRESS CONTROL NUMBER
LC control number A-474873
020 ## - INTERNATIONAL STANDARD BOOK NUMBER
Terms of availability 300.00
035 ## - SYSTEM CONTROL NUMBER
System control number A-474873
037 ## - SOURCE OF ACQUISITION
Source of stock number/acquisition Cen Lib/Ret
040 ## - CATALOGING SOURCE
Original cataloging agency DPL
Language of cataloging HN
082 ## - DEWEY DECIMAL CLASSIFICATION NUMBER
Classification number 824.08
Item number सिंहल
100 ## - MAIN ENTRY--PERSONAL NAME
Personal name सिंहल, ओमप्रकाश
9 (RLIN) 85370
245 ## - TITLE STATEMENT
Title हिंदी गद्य साहित्य में प्रकृति चित्रण /
Statement of responsibility, etc ओमप्रकाश सिंहल
246 ## - VARYING FORM OF TITLE
Title proper/short title Hindi gdya sahitya me prakriti chitran /
Remainder of title by Omprakash Sinhal
260 ## - PUBLICATION, DISTRIBUTION, ETC. (IMPRINT)
Place of publication, distribution, etc दिल्ली
Name of publisher, distributor, etc परिमल पब्लिकेशन
Date of publication, distribution, etc 1991
270 ## - ADDRESS
City दिल्ली
Address 27/28, शक्ति नगर
Postal code 110007
300 ## - PHYSICAL DESCRIPTION
Extent xii,423पृ.
Dimensions 20सेमी(सजिल्द )
500 ## - GENERAL NOTE
General note सन्दर्भ सूची शामिल
650 ## - SUBJECT ADDED ENTRY--TOPICAL TERM
Topical term or geographic name as entry element साहित्य--गद्य
General subdivision
Geographic subdivision
9 (RLIN) 85371
650 ## - SUBJECT ADDED ENTRY--TOPICAL TERM
Topical term or geographic name as entry element हिंदी--गद्य
9 (RLIN) 85372
650 ## - SUBJECT ADDED ENTRY--TOPICAL TERM
Topical term or geographic name as entry element Literature --prose
9 (RLIN) 85373
650 ## - SUBJECT ADDED ENTRY--TOPICAL TERM
Topical term or geographic name as entry element Hindi -prose
9 (RLIN) 47734
942 ## - ADDED ENTRY ELEMENTS (KOHA)
Source of classification or shelving scheme Dewey Decimal Classification
Koha item type Hindi Books
Classification part 824.08
Call number suffix सिंहल
Holdings
Withdrawn status Lost status Damaged status Not for loan Home library Current library Date acquired Source of acquisition Cost, normal purchase price Total Checkouts Full call number Barcode Date last seen Copy number Cost, replacement price Price effective from Koha item type
        Central Library Central Library 17/09/2015 Cen Lib/Ref 300.00   824.08 सिंहल A-474873 17/09/2015 1 300.00 17/09/2015 Hindi Books

© Delhi Public Library
Hit Counter
free hit counter